| 000 | 00000nam##2200000za#4500 |
| 001 | 9.602846 |
| 003 | CaOODSP |
| 005 | 20240212134142 |
| 007 | cr ||||||||||| |
| 008 | 150406|1996||||xxc|||||o f|0| 0 fre|d |
| 040 | |aCaOODSP|bfre |
| 043 | |an-cn--- |
| 086 | 1 |aNE22-1/1996-5F-PDF |
| 110 | 1 |aCanada. |bOffice national de l'énergie. |
| 245 | 10|aMotifs de décision relativement à Trans Mountain Pipe Line Company Ltd. : |h[ressource électronique]|bdemande datée du 29 janvier 1996 pour obtenir l'appropation d'un règlement avec droits incitatifs |
| 246 | 1 |iTitre de renvoi : |aTrans Mountain Pipe Line Company Ltd. |
| 260 | |aCalgary - Alberta : |bOffice national de l'énergie |cMars 1996. |
| 300 | |a54p.|btableaux |
| 490 | 1 |aMotifs de décision|vRHW-2-96 |
| 500 | |aLe nº de catalogue (NE22-1/1996-5F) et l'ISBN (0-662-81019-8) de l'édition imprimée ont été incorrectement copiés dans cette édition électronique. |
| 590 | |a12-07-Supp|b2012-03-09 |
| 775 | 08|tReasons for decision in the matter of Trans Mountain Pipe Line Company Ltd. : |w(CaOODSP)9.572500 |
| 830 | #0|aMotifs de décision (Canada. Office national de l'énergie)|vRHW-2-96|w(CaOODSP)9.500899 |
| 856 | 40|ahttp://publications.gc.ca|qPDF|s148 Ko|uhttps://publications.gc.ca/collections/Collection/NE22-1-1996-5F.pdf|yRHW-2-96 |